English literature : (Record no. 148093)

MARC details
000 -LEADER
fixed length control field 00614nam a22001817a 4500
005 - DATE AND TIME OF LATEST TRANSACTION
control field 20171220153007.0
010 ## - LCCN (DPL NO)
LC control number ENG-121928
020 ## - INTERNATIONAL STANDARD BOOK NUMBER
International Standard Book Number 9788125052005
Terms of availability 325.00
035 ## - SYSTEM CONTROL NUMBER
System control number EN-105460
037 ## - SOURCE OF ACQUISITION
Source of stock number/acquisition DBAD/PUB
082 ## - DEWEY DECIMAL CLASSIFICATION NUMBER
Classification number 880
245 ## - TITLE STATEMENT
Title English literature :
Remainder of title Sixteenth to eighteenth centuries /
260 ## - PUBLICATION, DISTRIBUTION, ETC. (IMPRINT)
Place of publication, distribution, etc Chennai
Name of publisher, distributor, etc Orient Blackswan Private Limited
Date of publication, distribution, etc 2013
270 ## - ADDRESS
Address Orient Blackswan Private Limited, 160 Anna Salai,
City Chennai
Postal code 600002
300 ## - PHYSICAL DESCRIPTION
Extent 365p.
Dimensions 24cm(pbk.)
500 ## - GENERAL NOTE
General note Approved by the board of studies in english davangere university
942 ## - ADDED ENTRY ELEMENTS (KOHA)
Source of classification or shelving scheme Dewey Decimal Classification
Item type English Books
Classification part 880
Call number suffix ENG
Holdings
Withdrawn status Lost status Not for loan Collection code Home library Current library Date acquired Source of acquisition Cost, normal purchase price Full call number Barcode Copy number Cost, replacement price Koha item type
      Non-fiction Narela Narela 20/12/2017 DBAD/PUB 325.00 880 ENG EN-105460 1 325.00 English Books

© Delhi Public Library
Hit Counter
free hit counter